Joshua, Judges, Ruth
| Otros Autores: | ; ; |
|---|---|
| Tipo de documento: | Print Libro |
| Lenguaje: | Inglés |
| Servicio de pedido Subito: | Pedir ahora. |
| Verificar disponibilidad: | HBZ Gateway |
| WorldCat: | WorldCat |
| Interlibrary Loan: | Interlibrary Loan for the Fachinformationsdienste (Specialized Information Services in Germany) |
| Publicado: |
Peabody, Mass.
Hendrickson [u.a.]
2000
|
| En: |
New international biblical commentary / Old Testament series (5)
Año: 2000 |
| Colección / Revista: | New international biblical commentary / Old Testament series
5 |
| (Cadenas de) Palabra clave estándar: | B
Bibel. Josua
B Bibel. Juez B Bibel. Rut |
| Clasificaciones IxTheo: | HB Antiguo Testamento |
| Otras palabras clave: | B
Bible
O.T
Judges
Commentaries
B Bible O.T Joshua Canonical criticism B Bible O.T Ruth Commentaries B Bible O.T Joshua Commentaries B Bible O.T Ruth Canonical criticism B Comentario B Bible O.T Judges Canonical criticism |
MARC
| LEADER | 00000cam a2200000 cb4500 | ||
|---|---|---|---|
| 001 | 1165040247 | ||
| 003 | DE-627 | ||
| 005 | 20251225181843.0 | ||
| 007 | tu | ||
| 008 | 011017s2000 xx ||||| 00| ||eng c | ||
| 010 | |a 00063352 | ||
| 020 | |a 1565632141 |9 1-56563-214-1 | ||
| 020 | |a 1565635906 |9 1-56563-590-6 | ||
| 020 | |a 0853647267 |9 0-85364-726-7 | ||
| 024 | 3 | |a 9781565632141 | |
| 024 | 8 | |a 9780853647263 |q Sonstige Nr. | |
| 035 | |a (DE-627)1165040247 | ||
| 035 | |a (DE-576)095040242 | ||
| 035 | |a (DE-599)BSZ095040242 | ||
| 035 | |a (OCoLC)44802863 | ||
| 040 | |a DE-627 |b ger |c DE-627 |e rakwb | ||
| 041 | |a eng | ||
| 050 | 0 | |a BS1295.3.H36 2000 | |
| 082 | 0 | |a 222/.2077 | |
| 084 | |a 6,22 |a 1 |2 ssgn | ||
| 245 | 0 | 0 | |a Joshua, Judges, Ruth |c J. Gordon Harris; Cheryl A. Brown; Michael S. Moore |
| 264 | 1 | |a Peabody, Mass. |b Hendrickson [u.a.] |c 2000 | |
| 300 | |a XVII, 398 S. | ||
| 336 | |a Text |b txt |2 rdacontent | ||
| 337 | |a ohne Hilfsmittel zu benutzen |b n |2 rdamedia | ||
| 338 | |a Band |b nc |2 rdacarrier | ||
| 490 | 1 | |a New international biblical commentary : Old Testament series / Old Testament ed., Robert L. Hubbard ... |v 5 | |
| 500 | |a Includes bibliographical references and indexes | ||
| 583 | 1 | |a Archivierung prüfen |c 20200919 |f DE-640 |z 1 |2 pdager | |
| 583 | 1 | |a Archivierung/Langzeitarchivierung gewährleistet |f SSG |x XA-DE-BW |2 pdager |5 DE-21 | |
| 630 | 0 | 0 | |a Bible |x O.T |x Joshua |x Commentaries |
| 630 | 0 | 0 | |a Bible |x O.T |x Judges |x Commentaries |
| 630 | 0 | 0 | |a Bible |x O.T |x Ruth |x Commentaries |
| 630 | 0 | 0 | |a Bible |x O.T |x Joshua |x Canonical criticism |
| 630 | 0 | 0 | |a Bible |x O.T |x Judges |x Canonical criticism |
| 630 | 0 | 0 | |a Bible |x O.T |x Ruth |x Canonical criticism |
| 652 | |a HB |b DDCoderRVK | ||
| 655 | 7 | |a Kommentar |0 (DE-588)4136710-8 |0 (DE-627)104500719 |0 (DE-576)209671467 |2 gnd-content | |
| 689 | 0 | 0 | |d u |0 (DE-588)4028772-5 |0 (DE-627)10627709X |0 (DE-576)208979387 |a Bibel |2 gnd |p Josua |
| 689 | 0 | |5 (DE-627) | |
| 689 | 1 | 0 | |d u |0 (DE-588)4049924-8 |0 (DE-627)106184784 |0 (DE-576)209084499 |a Bibel |2 gnd |p Richter |
| 689 | 1 | |5 (DE-627) | |
| 689 | 2 | 0 | |d u |0 (DE-588)4076907-0 |0 (DE-627)106081640 |0 (DE-576)209203404 |a Bibel |2 gnd |p Rut |
| 689 | 2 | |5 (DE-627) | |
| 700 | 1 | |0 (DE-588)1145596177 |0 (DE-627)1005643598 |0 (DE-576)421141530 |4 oth |a Harris, J. Gordon |d 1940- | |
| 700 | 1 | |0 (DE-588)1145749534 |0 (DE-627)1006896902 |0 (DE-576)16941860X |4 oth |a Brown, Cheryl A. |d 1949- | |
| 700 | 1 | |0 (DE-588)133115631 |0 (DE-627)691169306 |0 (DE-576)166231487 |4 oth |a Moore, Michael S. |d 1951- | |
| 830 | 0 | |a New international biblical commentary / Old Testament series |v 5 |9 5 |w (DE-627)1128374072 |w (DE-576)058374078 |7 am | |
| 935 | |a mteo | ||
| 951 | |a MV | ||
| BIB | |a 1 | ||
| BIR | |a 33000000_33999999,34000000_34999999,35000000_35999999 |b biblesearch | ||
| ELC | |b 1 | ||
| ITA | |a 1 |t 1 | ||
| LOK | |0 000 xxxxxcx a22 zn 4500 | ||
| LOK | |0 001 240216512X | ||
| LOK | |0 003 DE-627 | ||
| LOK | |0 004 1165040247 | ||
| LOK | |0 005 20020115000000 | ||
| LOK | |0 008 011017||||||||||||||||ger||||||| | ||
| LOK | |0 040 |a DE-21 |c DE-627 |d DE-21 | ||
| LOK | |0 852 |a DE-21 | ||
| LOK | |0 852 1 |c 37 A 5322-5 |9 00 | ||
| LOK | |0 935 |a theo | ||
| LOK | |0 936ln |a t2.1 | ||
| LOK | |0 939 |a 17-10-01 |b l01 | ||
| ORI | |a SA-MARC-ixtheoa001.raw | ||
| SUB | |a BIB | ||
| SYG | 0 | 0 | |a Buch Josua,Josua,Joshua,Bibel,Josué,Bible,Joshua,Josué,Iosue,Giosuè,Iēsus,Iēsoys,Jos,Josh,Jsh,Ios,Gs,יהושע,ספר יהושע , Buch der Richter,Iudices,Judices,Judicum,Iudicum,Juges,Bibel,Juges,Les Juges,Judges,Giudici,Kritai,Shofṭim,Richter,Book of Judges,Judges,Bible,Judges,Ri,Judg,Jdgs,Jue,Jdc,Jgs,Jgd,Jg,Idc,Gdc,Iudicum (Buch der Bibel),Richter (Buch der Bibel),שופטים,ספר שופטים , Rut,Ruth,Buch Rut,Bibel,Ruth,Ru,Rth,Rt,Ruth,Rut,Rut (Buch der Bibel),Ruth (Buch der Bibel) |